000 01011nam a2200205Ia 4500
001 20155
003 GE_BSU
008 181216s||||||||xx |||||||||||||| ||und||
040 _cGE_BSU
245 _aგადასახადები & აღრიცხვა. №7. 2017.
245 _cრედ: კოტე უბირია, ექსპერტები:გონერ ურიდია,ჯემალ ძაგნიძე, მაია ნასარაია,და სხვ.
260 _aთბილისი
260 _c2017
300 _a54გვ. 30სმ.
653 _aგადასახადები & აღრიცხვა. №7. 2017.
653 _aეკონომიკა
653 _aკანონმდებლობის მიმოხილვა, აღრიცხვა,ოფიციალური მასალები,ექსპერტის კონსულტაცია.
653 _aპერიოდიკა
942 _cCR
999 _c53116
_d53116